[Event "SLO-chT2"]
[Site "Skofja Loka"]
[Date "1998.11.28"]
[Round "2"]
[White "Atalik, Suat"]
[Black "Lazovic, Gordan"]
[Result "1-0"]
[WhiteElo "2585"]
[BlackElo "2315"]
[Annotator "Atalik,S"]
[PlyCount "99"]
[EventDate "1998.11.27"]
[EventType "team"]
[EventRounds "7"]
[EventCountry "SLO"]
[SourceTitle "EXT 2002"]
[Source "ChessBase"]
[SourceDate "2001.11.25"]
[SourceVersion "1"]
[SourceVersionDate "2001.11.25"]
[SourceQuality "1"]

1. d4 d5 2. c4 e6 3. Nf3 Nf6 4. g3 Be7 5. Bg2 O-O 6. Qc2 $5 dxc4 7. Qxc4 $6 (7.
Nbd2 $142 Nc6 (7... b5 $2 8. a4 c6 9. axb5 cxb5 10. Ng5 $18) 8. Qxc4 Qd5 $14)
7... Bd7 8. Nc3 Bc6 9. O-O Nbd7 10. Rd1 Ne4 11. Bd2 (11. Ne5 Nxc3 12. Nxc6
Nxe2+ 13. Qxe2 bxc6 14. Bxc6 Rb8 15. d5 e5 $1 16. Be3 (16. Bxd7 $2 Qxd7 17.
Qxe5 Bf6 18. Qe2 Rfe8 19. Qc2 h5 $44) 16... Nb6 $13) 11... Nb6 12. Qd3 Nxc3 13.
Bxc3 Qd5 14. Ne1 Qb5 15. e4 Qxd3 16. Nxd3 Rfd8 17. b3 a5 18. a4 Bf6 19. Ne5 $1
Bxe5 20. dxe5 $14 Rxd1+ 21. Rxd1 Nd7 22. Bd4 $8 Rd8 23. Be3 Kf8 24. f4 Ke8 25.
Kf2 Nb8 26. Rxd8+ Kxd8 27. Bd4 b5 28. axb5 Bxb5 29. Ke3 Na6 30. Bc3 a4 $6 (
30... Nc5 31. Bxa5 Nxb3 32. Bb4 c5 33. Ba3 g6 34. f5 Ke7 35. Kf4 Kf8 $14) 31.
bxa4 Bxa4 32. Bf1 Nb8 33. f5 Bd1 34. Bc4 Kd7 35. Bb4 Ba4 36. Kf4 Nc6 37. Bc3
Nd8 38. f6 g6 39. Kg5 h5 40. Bd3 Nb7 41. Kh6 Nc5 42. Kg7 $3 Ke8 (42... Nxd3 43.
Kxf7 Nc5 44. Kxg6 Kd8 (44... Kc6 45. f7 Nd7 46. Kxh5 $18) 45. Kxh5 $1 (45. Bd4
$5 Nd7 46. Kxh5 Ke8 47. g4 Bd1 48. h3 Kf7 49. Kh6) (45. f7 $6 Nd7 46. Kg7 Bc2)
45... Nxe4 46. Kh6 Be8 47. Bb2 Bf7 48. Kg7 Ke8 49. g4 c5 50. h4 c4 51. h5 Ng5
52. h6 $18) 43. Bc4 Bd7 44. Bb4 (44. Ba5 c6 45. Bb4 Nb7 46. h4 c5) 44... Nb7 (
44... Nxe4 45. Bd3 Bc6 46. Ba5 $18) 45. h4 c5 46. Bc3 $18 Nd8 47. Be2 Bc6 48.
Ba5 Nb7 49. Bb6 Bd7 50. Bc4 $22 (50. g4 hxg4 51. Bxg4 c4 52. h5 gxh5 53. Bxh5
c3 (53... Nd8 54. Bxd8 Kxd8 55. Bxf7 c3 56. Bg6 c2 57. f7 c1=Q 58. f8=Q+ Kc7
$11)) 1-0

[Event "EU-Cup 18th"]
[Site "Kallithea"]
[Date "2002.09.23"]
[Round "2.2"]
[White "Olafsson, Helgi"]
[Black "Marjanovic, Slavoljub"]
[Result "0-1"]
[WhiteElo "2476"]
[BlackElo "2485"]
[Annotator "Atlas,V"]
[PlyCount "58"]
[EventDate "2002.09.22"]
[EventType "team-swiss"]
[EventRounds "7"]
[EventCountry "GRE"]
[SourceTitle "CBM 092"]
[Source "ChessBase"]
[SourceDate "2003.02.06"]
[SourceVersion "1"]
[SourceVersionDate "2003.02.06"]
[SourceQuality "1"]
[WhiteTeam "Reykjavik Hellir"]
[BlackTeam "Northern CA of DEI"]
[WhiteTeamCountry "ISL"]
[BlackTeamCountry "GRE"]

1. Nf3 d5 2. d4 e6 3. c4 dxc4 4. Qa4+ Nd7 5. Qxc4 Ngf6 6. g3 a6 7. Bf4 c5 8.
Bg2 b5 9. Qc2 Bb7 10. dxc5 Bxc5 11. Nc3 Rc8 12. Qd3 Qb6 13. O-O O-O 14. Rad1
Rfd8 15. Qb1 h6 16. Bc1 Ng4 17. e3 f5 18. Nd4 Nde5 19. Nce2 Rd6 20. h3 Nf6 21.
b3 Bxd4 22. Nxd4 Bxg2 23. Kxg2 Qb7+ 24. f3 Nd5 25. Bd2 Nc3 26. Bxc3 Rxc3 27.
Nxe6 $2 {[%tqu "En","White's last move looks reasonable, but in fact it's a
very bad slip. How to punish White for it?","Target the enemy king!",
"Sacrifice your knight to to gain a needed momentum in your attack.","e5f3",
"This terrific blow impressively refutes White's tactical idea.",6]} Nxf3 $3 {
[%csl Re3,Rf3,Rg2][%cal Gb7g2,Gc3f3]} ({A brilliant move!} 27... Rxe6 $2 {
, intending to play} 28. Rd8+ Kh7 (28... Kf7 29. Qxf5+ Ke7 $2 30. Qf8#) 29.
Qxf5+ Rg6 30. Qxe5 Rxe3 $1 31. Qxe3 Qc7 32. f4 Qxd8 33. Qe4 {, with a large
advantage. Yet, Black's unexpected and remarkable knight sacrifice wins the
game in style.}) 28. Kf2 (28. Rxf3 {is refuted by} Rxe3 29. Qxf5 (29. Rxd6
Qxf3+ 30. Kg1 Qxg3+ 31. Kh1 Qxh3+ 32. Kg1 Rg3+ 33. Kf2 Rg2+ 34. Kf1 Qh1#) 29...
Rxf3 30. Qxf3 Qxf3+ 31. Kxf3 Rxd1 {, winning. Yet, the text move is not much
better.}) 28... Rxe6 29. Rd8+ Kf7 0-1

[Event "World Cup"]
[Site "Skelleftea"]
[Date "1989.08.??"]
[Round "3"]
[White "Andersson, Ulf"]
[Black "Tal, Mihail"]
[Result "1/2-1/2"]
[WhiteElo "2635"]
[BlackElo "2585"]
[Annotator "Bulletin"]
[PlyCount "160"]
[EventDate "1989.08.??"]
[EventType "tourn"]
[EventRounds "15"]
[EventCountry "SWE"]
[EventCategory "16"]
[SourceTitle "CBM 014"]
[Source "ChessBase"]
[SourceDate "1990.02.01"]
[SourceVersion "1"]
[SourceVersionDate "1990.02.01"]
[SourceQuality "1"]

1. Nf3 d5 2. d4 Nf6 3. c4 e6 4. g3 dxc4 5. Qa4+ Nbd7 6. Bg2 a6 7. Nc3 Rb8 8.
Qxc4 b5 9. Qd3 Bb7 10. O-O c5 11. dxc5 Bxc5 12. Bf4 Rc8 13. Rad1 O-O 14. Ne5
Bxg2 15. Kxg2 Nb6 $6 $14 (15... Nxe5 $1 $10 16. Bxe5 Be7 17. Qf3 Qa5 18. Qb7
Rfe8 19. a3 b4 20. Bxf6 gxf6 21. axb4 Qxb4 22. Qxb4 Bxb4 23. Ne4 Kg7 24. Nd6 {
1/2-1/2; Andersson,U-Kasparov,G/Belgrade m (6)/1985/}) 16. Qxd8 Rfxd8 17. Rxd8+
Rxd8 18. Rc1 Rc8 19. Nd1 Nfd5 20. Bd2 Bd6 21. Rxc8+ Nxc8 22. Nd3 f5 23. f3 $1
Ncb6 24. e4 $1 Nc7 25. b3 fxe4 26. fxe4 Kf7 27. Ne3 Nd7 28. Bc3 Ne8 29. Kf3 Nc5
30. Nxc5 Bxc5 31. Ng4 Ke7 32. Ne5 Bd6 33. Nd3 Kd7 34. h4 Be7 35. Kf4 Bd6+ 36.
Kf3 Be7 37. h5 Kc6 38. Kf4 Bd6+ 39. Kf3 Be7 40. Kf4 Bd6+ 41. Kg4 Nf6+ 42. Kf3
Ne8 43. g4 Be7 44. Kf4 Bd6+ 45. Ke3 Be7 46. Ne5+ Kc7 47. Nf3 Nf6 48. Be5+ Kd7
49. Kf4 Ba3 50. Ne1 Be7 51. Nd3 Kc6 52. Bd4 Ne8 53. g5 Bf8 54. Bc3 Bd6+ 55. Kg4
Kd7 56. Bd4 Kc6 57. b4 Be7 58. a3 Bd6 59. Kf3 Be7 60. Kf4 Bd6+ 61. Kg4 Bf8 62.
g6 h6 63. Kf3 Be7 64. Nc5 e5 65. Bxe5 Bxc5 66. bxc5 Kxc5 67. Kf4 Kc6 68. Bc3
Kd7 69. Kf5 Nd6+ 70. Ke5 Ne8 71. Kd5 a5 72. Kc5 b4 73. axb4 axb4 74. Kxb4 Ke6
75. Kc4 Nf6 76. Bxf6 Kxf6 77. Kd5 Ke7 78. Kc5 Kf6 79. Kb5 Ke7 80. Kc5 Kd7
1/2-1/2

[Event "POL-ch 52nd"]
[Site "Warsaw"]
[Date "1995.??.??"]
[Round "17"]
[White "Wojtkiewicz, Aleksander"]
[Black "Czerwonski, Aleksander"]
[Result "1-0"]
[WhiteElo "2530"]
[BlackElo "2370"]
[Annotator "Bulletin"]
[PlyCount "44"]
[EventDate "1995.02.11"]
[EventType "tourn"]
[EventRounds "17"]
[EventCountry "POL"]
[EventCategory "8"]
[SourceTitle "EXT 1999"]
[Source "ChessBase"]
[SourceDate "1998.11.16"]
[SourceVersion "1"]
[SourceVersionDate "1998.11.16"]
[SourceQuality "1"]

1. Nf3 d5 2. d4 Nf6 3. c4 e6 4. g3 dxc4 5. Qa4+ Bd7 6. Qxc4 Bc6 7. Bg2 Nbd7 8.
Nc3 Be7 9. O-O O-O 10. Qd3 Nd5 11. Nxd5 Bxd5 12. e4 Bc6 13. Rd1 b6 14. Bf4 Bb7
15. Rac1 Rc8 16. Qe2 Bd6 17. Qe3 Bxf4 18. Qxf4 Qe7 $2 19. Rxc7 e5 (19... Rxc7
20. Qxc7 Bxe4 21. Ne5 Bxg2 22. Kxg2 Rd8 23. Nc6 $18) 20. Qc1 exd4 21. Rxd4 Nf6
22. Rdc4 $1 Qe6 (22... Qe6 23. Nd4 Qg4 24. h3 $18 (24. Rxb7 Rxc4 25. Qxc4 Qd1+
26. Bf1 Nxe4 27. Re7 Nd2 28. Qe2 $18)) 1-0

[Event "Interzonal-16"]
[Site "Biel"]
[Date "1993.??.??"]
[Round "12"]
[White "Pigusov, Evgeny"]
[Black "Smirin, Ilia"]
[Result "1/2-1/2"]
[WhiteElo "2585"]
[BlackElo "2640"]
[Annotator "ChessBase"]
[PlyCount "68"]
[EventDate "1993.07.16"]
[EventType "swiss"]
[EventRounds "13"]
[EventCountry "SUI"]
[SourceTitle "CBM 037"]
[Source "ChessBase"]
[SourceDate "1993.12.01"]
[SourceVersion "1"]
[SourceVersionDate "1993.12.01"]
[SourceQuality "1"]

1. Nf3 d5 2. g3 c6 3. Bg2 Bg4 4. c4 Nf6 5. Ne5 Be6 6. cxd5 Bxd5 7. Nf3 c5 (7...
e5) 8. Nc3 Bc6 9. O-O Nbd7 10. d4 e6 11. Ng5 Bxg2 12. Kxg2 cxd4 13. Qxd4 Be7
14. Rd1 O-O $10 15. Qd3 Ne5 16. Qb5 Qc7 17. Bf4 Qc6+ 18. Nf3 Nxf3 19. Qxc6 Nh4+
20. gxh4 bxc6 21. Bd6 Bxd6 22. Rxd6 Rab8 23. b3 c5 24. Rc6 Rbc8 25. Rxc8 Rxc8
26. Rc1 Kf8 27. Na4 Nd7 28. b4 c4 29. Nc5 Nb6 30. a4 Ke7 31. a5 Nd7 32. Rxc4
Nxc5 33. bxc5 Kd7 34. Rf4 Ke7 1/2-1/2

[Event "Chigorin Memorial 07th"]
[Site "St Petersburg"]
[Date "1999.11.09"]
[Round "8"]
[White "Akhmadeev, Vadim"]
[Black "Deviatkin, Andrei"]
[Result "1/2-1/2"]
[WhiteElo "2442"]
[BlackElo "2356"]
[Annotator "Hecht,H"]
[PlyCount "120"]
[EventDate "1999.11.02"]
[EventType "swiss"]
[EventRounds "9"]
[EventCountry "RUS"]
[SourceTitle "CBM 074"]
[Source "ChessBase"]
[SourceDate "2000.02.01"]
[SourceVersion "1"]
[SourceVersionDate "2000.02.01"]
[SourceQuality "1"]

1. d4 Nf6 2. c4 e6 3. g3 d5 4. Bg2 dxc4 5. Qa4+ Bd7 6. Qxc4 Bc6 7. Nf3 Be7 8.
O-O Bd5 9. Qa4+ Bc6 10. Qc2 Be4 11. Qa4+ Bc6 12. Qd1 O-O 13. Nbd2 a5 14. Qc2
Bb4 15. Rd1 Bxd2 16. Bxd2 Be4 17. Qc1 h6 18. Be1 Nc6 19. Bc3 Nd5 20. Ne1 Bxg2
21. Nxg2 f5 22. Qc2 f4 23. Qe4 Qf6 24. Nxf4 Nxf4 25. gxf4 Qxf4 26. Qxe6+ Kh7
27. Qe3 Qxe3 28. fxe3 Rfe8 29. d5 Nb4 30. Bxb4 axb4 31. Rd3 Ra6 32. Rb3 Rg6+
33. Kh1 Re5 34. Rg1 Rb6 35. Rd3 Ra6 36. Rc1 Rxa2 37. Rd2 Re7 38. Rc4 b6 39. e4
b3 40. Kg2 Kg6 41. e5 Rxe5 42. Rxc7 Ra5 43. Rc6+ Kf7 44. Rxb6 Raxd5 45. Rxd5
Rxd5 46. Rxb3 g5 47. Rb6 h5 48. b4 Re5 49. Kf3 g4+ 50. Kf2 h4 51. Rh6 g3+ 52.
hxg3 hxg3+ 53. Kxg3 Rxe2 {[#] Die horizontale Sperre auf der 6. Reihe ist ohne
Belang, die alsbald aufgebaute vertikale nur von kurzer Dauer. Schwarz macht
durch Brückenbau leicht remis.} 54. Kf3 Re5 55. Rd6 Ke7 56. Rd4 Re6 57. Kf4
Rf6+ 58. Ke4 Re6+ 59. Kd3 Rd6 (59... Rc6 $11) (59... Rh6 $2 60. Kc4 $18 {
und auch sonst verliert jeder andere Zug als 59...Td6/Tc6.}) 60. Kc4 Rxd4+
1/2-1/2

[Event "Ubeda m"]
[Site "Ubeda"]
[Date "1994.??.??"]
[Round "3"]
[White "Lautier, Joel"]
[Black "Karpov, Anatoly"]
[Result "1/2-1/2"]
[WhiteElo "2645"]
[BlackElo "2780"]
[Annotator "Lautier,J"]
[PlyCount "116"]
[EventDate "1994.11.??"]
[EventType "match"]
[EventRounds "6"]
[EventCountry "ESP"]
[SourceTitle "CBM 045"]
[Source "ChessBase"]
[SourceDate "1995.04.01"]
[SourceVersion "1"]
[SourceVersionDate "1995.04.01"]
[SourceQuality "1"]

1. d4 Nf6 2. c4 e6 3. g3 d5 4. Bg2 dxc4 5. Nf3 Nc6 6. Qa4 Bd7 7. Qxc4 Na5 8.
Qd3 c5 9. Ne5 Nc6 $1 10. O-O $5 cxd4 (10... Nxd4 11. Bxb7 Bb5 12. Nc4 Rb8 13.
Bg2 $14) 11. Bf4 Nh5 $2 (11... Nd5 $10) 12. Nxc6 Bxc6 (12... Nxf4 13. Nxd8 Nxd3
14. Nxf7 $1 (14. Nxb7 $2 Nb4 $1 15. Nd6+ Bxd6 16. Bxa8 Nc2 $15) (14. Nxe6 $6
Bxe6 15. exd3 (15. Bxb7 $2 Rb8 16. Bc6+ Bd7 17. Bxd7+ Kxd7 18. exd3 Rxb2 $17)
15... O-O-O $10) 14... Kxf7 15. exd3 Bd6 16. Nd2 $14) 13. Bxc6+ bxc6 14. Be5
$14 Nf6 (14... Qd5 15. Bxd4 $1 (15. Qxd4 f6 $5 (15... Rd8 16. Qc3 f6) 16. Qxd5
cxd5 17. Bc3 Be7 18. e3 {/\ g4} g6 $10) 15... c5 (15... Rd8 $6 16. Rd1 c5 17.
Qb5+ Rd7 (17... Qd7 $2 18. Bf6 $1 $18 {Karpov}) 18. Nc3 Qb7 19. Be5 $16) 16.
Qb5+ Qd7 17. Qxd7+ Kxd7 18. Be5 $14) (14... c5 15. Qf3 Nf6 16. Bxf6 gxf6 17.
Qc6+ Ke7 18. Qxc5+ (18. Qb7+ $10) 18... Qd6 19. Qxd6+ (19. Qh5 Qe5 20. Qf3 Rd8
$10) 19... Kxd6 20. Rd1 (20. Nd2 $6 Bh6 $1 (20... Ke5 21. Rac1 $14) 21. Nc4+ (
21. Nf3 e5 $15 {/\ Rhc8-c2}) 21... Ke7 $10) (20. Na3 $6 Kd5 (20... Ke5 21. Nc4+
Kd5 22. b3 $14) 21. Nb5 {/\ Nc7} Rb8 $1 22. a4 a6 23. Nc7+ Ke5 24. Nxa6 Rxb2
$10) 20... Ke5 (20... e5 $6 21. e3 $16) 21. Nd2 (21. f4+ $2 Kf5 $1) 21... Kf5 (
21... Bc5 $6 22. Rac1 Rac8 23. b4 $1 (23. Nf3+ $2 Ke4 24. Rc4 Bb6 $13) 23...
Bxb4 (23... Bb6 24. Nc4+ Kd5 25. e4+ $1 Kc6 (25... Kxe4 26. Nd6+ $18) 26. Nxb6+
Kxb6 27. Rxc8 Rxc8 28. Rxd4 $16) 24. Nf3+ Kf5 25. Nxd4+ Kg6 26. Nc6 $16) 22.
Rac1 $14) 15. Qxd4 Qxd4 16. Bxd4 Nd5 $6 (16... c5 17. Be5 Nd5 $14) 17. Rc1 $1
$16 Kd7 18. Nd2 f6 19. e4 Nc7 20. Nb3 e5 21. Be3 Ne6 22. Rc2 $2 (22. Rc4 a5 (
22... Bd6 $6 23. Rd1 Rhc8 24. Nc5+ Ke7 25. Nb7 $1 Bb8 26. Na5 Nd8 (26... c5 27.
b4 Bd6 28. Nb7 $18) 27. b4 {/\ b5} (27. Rdc1 Kd7) (27. Bc5+ Ke8 28. b4 Bc7 $14)
27... Bd6 (27... a6 {/\ Ba7} 28. Bb6 Bc7 29. Nxc6+ Nxc6 30. Rxc6 $18) 28. a3
Rc7 (28... Ke6 29. f4 exf4 30. gxf4 g6 31. f5+ gxf5 32. exf5+ Ke7 33. Rcd4 $18)
(28... g6 29. f4 exf4 (29... f5 30. fxe5 Bxe5 31. exf5 gxf5 32. Rh4 $18) 30.
gxf4 f5 31. e5 Bb8 32. b5 $18) (28... g5 29. Rc3 Ke6 30. Rcd3 Bc7 (30... Nf7
31. Nb7 Be7 32. Rd7 $18 {/\ Bc5}) (30... Be7 31. Rd7 $18 {/\ Nb3, Bc5}) 31. Rd7
$1 $18 {/\} Bxa5 $2 32. R1d6#) 29. Rc3 $1 {/\ Nc4} Ke6 30. f4 Be7 (30... g6 $2
31. f5+ gxf5 32. exf5+ Ke7 33. Nc4 $18) (30... exf4 $2 31. gxf4 Be7 32. f5+ Kf7
33. Bf4 Rcc8 34. Rdc1 $18) 31. f5+ (31. Nc4 {/\ 32.fe5 fe5 33.Ne5} exf4 32.
gxf4 (32. Bxf4 Rd7 $132) 32... f5 $132) 31... Kf7 32. Rdc1 Rac8 33. b5 c5 34.
a4 $18) 23. Ra4 Bb4 24. a3 Bd6 25. Rxa5 c5 (25... Rab8 26. Ra7+ $18) (25...
Rxa5 $6 26. Nxa5 c5 27. Nc4) 26. Rxa8 (26. Rd1 Kc6 {/\ Nd4}) 26... Rxa8 27. Nd2
Nd4 28. Nc4 Bc7 $16) 22... a5 $1 $8 (22... Bd6 $2 23. Rd1 Kc7 24. Rdc1 Nd8 25.
Na5 $18) 23. Bb6 (23. Rd1+ $6 Kc7) 23... a4 24. Rd1+ Ke8 25. Nc1 $2 (25. Nc5
Bxc5 26. Bxc5 Rd8 $1 (26... Ra6 $2 27. Rd6 Kf7 28. Rd7+ (28. Be3 Rd8 $10) 28...
Kg6 29. Be3 Rd8 30. Re7 $1 Nd4 (30... Rd1+ 31. Kg2 Nd4 32. Rc4 $16) 31. Rc4 a3
32. bxa3 (32. b3 Nxb3 $1) 32... Rxa3 33. Bxd4 exd4 34. Rxc6 d3 35. Rcc7 Rg8 (
35... d2 $2 36. Rxg7+ Kh5 37. Rxh7+ Kg4 38. Kg2 $18) 36. Red7 Rxa2 37. Rxd3 $16
) 27. Rdc1 (27. Rxd8+ Kxd8 28. Ba3 (28. Be3 Kd7 29. Rc4 Rb8 $10) 28... Kc7 29.
Rc4 Ra8 $10) 27... Nd4 (27... Rb8 28. Bd6 Rb7 29. Rxc6 Kf7 (29... Rxb2 $2 30.
Rc8+ Nd8 31. Rd1 Kd7 32. Rxd8+ $18) 30. Ba3 $16) (27... Kf7 28. Bb6 $16 (28.
Be3 Rb8 $132)) 28. Bxd4 Rxd4 29. Rxc6 Kf7 30. Rc7+ Kg6 31. R1c4 (31. Rb7 Rxe4
32. Rcc7 Rg8 $10) 31... Rxc4 (31... Rb8 $2 32. Rxd4 exd4 33. Rc2 {/\ Kf1-e2-d3}
(33. Rc4 $2 Rxb2 34. Rxa4 d3 $10) 33... Kf7 (33... d3 34. Rd2 f5 35. e5 (35. f3
fxe4 36. fxe4 Kf6 $10) (35. exf5+ Kxf5 $10) 35... f4 36. gxf4 Kf5 37. Rxd3 Rxb2
38. Re3 Kxf4 39. e6 Rb8 40. e7 Re8 41. Kf1 $18) 34. Kf1 Ke6 35. Ke2 $16 (35. f4
d3 36. Rd2 Rb4 37. Rxd3 Rxe4 38. Kf2 Rb4 39. b3 axb3 40. axb3 $16)) 32. Rxc4
Rb8 33. Rxa4 Rxb2 34. Kg2 h5 35. h4 (35. Kf3 h4 $132) 35... Kh6 36. Ra6 Kg6 37.
Kf3 (37. a4 Ra2 38. a5 Kh6 $14) 37... Kh6 38. Ke3 Kg6 39. a4 (39. f3 Rg2 $10) (
39. f4 exf4+ 40. gxf4 Rh2 $10) 39... Rb3+ 40. Kd2 Rf3 41. Ke2 Ra3 $14) 25... c5
26. Nd3 Ra6 $1 27. Bxc5 Rc6 28. Rdc1 Bxc5 29. Rc3 (29. Nxc5 $2 Nd4 $19) (29.
Rc4 $2 Ke7 $1 (29... Kf7 $2 30. Nxc5 Rhc8 31. Nb7 $1 $18) 30. b4 (30. Nxc5 Rhc8
$19) 30... axb3 31. axb3 Rhc8 32. Kg2 (32. b4 Bxf2+ $19) 32... Kd7 $19) (29.
Kg2 Kf7 $1 (29... Ke7 $2 30. b4 axb3 31. axb3 Rb6 (31... Rb8 32. b4 $16) 32.
Nxc5 Nxc5 33. Rxc5 Rxb3 34. Rc7+ $16) 30. b4 (30. Nxc5 $2 Rhc8 $19) 30... axb3
31. axb3 Rb6 $1 32. Nxc5 Nxc5 33. Rxc5 Rxb3 34. Rc7+ Kg6 $10) 29... Bxf2+ 30.
Kxf2 Rxc3 31. Rxc3 Kf7 $6 (31... Ke7 $10) 32. Ke3 Rd8 33. Rc4 h5 34. h4 (34.
Nf2 Nd4 $5 (34... Rd4 35. Rxd4 Nxd4 36. Nd1 Ne6 (36... a3 37. bxa3 Nc2+ 38. Kd3
Nxa3 39. Ne3 $14) 37. Nc3 Nc5 $10) 35. Rxa4 Nc2+ 36. Kf3 (36. Ke2 Nd4+ 37. Kf1
Nf3 38. Kg2 (38. h3 Rd2 $44) 38... Ne1+ $44) 36... Rd2 $44) 34... Rd7 35. Nf2
Rd4 36. Rxd4 Nxd4 37. Nd1 a3 $6 (37... Ne6 38. Nc3 Nc5 $10) 38. bxa3 (38. b3 $2
Nxb3) 38... Nc2+ 39. Kd3 Nxa3 40. Ne3 Ke6 41. Nc4 Nb5 (41... Nxc4 $1 42. Kxc4
Kd6 43. a4 Kc6 44. a5 g6 45. a6 f5 46. a7 Kb7 47. Kd5 (47. exf5 $2 gxf5 48. Kd5
e4 49. Kd4 Kxa7 $19) 47... f4 48. gxf4 exf4 49. Kd4 Kxa7 50. e5 Kb6 51. Ke4 Kc5
52. Kxf4 Kd5 $10) 42. a4 Nd4 43. a5 Kd7 (43... Nc6 $1 44. Kc3 Kd7 $10) 44. a6
Nc6 $8 (44... Kc7 $2 45. Nd6 Kb6 46. Ne8 g5 47. Ke3 $1 {(Karpov)} gxh4 48. gxh4
f5 49. Ng7 $1 f4+ (49... fxe4 50. Kxe4 Kxa6 51. Nxh5 Kb6 52. Ng7 $16) 50. Kf2
Nc2 (50... Nb3 51. Nxh5 Nd2 52. Nf6 Nc4 53. h5 Nd6 54. h6 Nf7 55. h7 Kxa6 56.
Nd7 Kb7 57. Nxe5 $18) 51. Nxh5 Ne3 52. Nf6 (52. Kf3 $2 Kxa6 $1 (52... Nf1 $2
53. Ke2 $1 Nh2 54. Nf6 $18) 53. Nf6 (53. Ng7 Nf1 $1 {/\ Nd2} 54. Ke2 Ng3+ $10)
53... Nc4 54. h5 (54. Ne8 Nd2+) 54... Nd6 55. h6 Nf7 56. h7 Kb7 57. Nd7 Ng5+
$10) 52... Nc4 53. h5 Nd6 54. h6 Nf7 55. h7 Kxa6 56. Nd7 Kb7 57. Nxe5 $18) 45.
Nb6+ Kc7 46. Nd5+ Kb8 47. Kc4 Ka7 (47... Nd4 $5 48. Kc5 Ka7 49. Nc7 Ne2 50. Kb5
Nd4+ 51. Ka5 Nc6+ $10) 48. Nc7 Nd4 49. Ne8 g5 $8 (49... Ne2 50. Kd3 $1 Nxg3 51.
Nxg7 Kxa6 52. Ke3 $16) 50. Nxf6 gxh4 51. gxh4 Kxa6 52. Kd5 Nf3 53. Nxh5 Kb7 54.
Ng7 Nxh4 55. Kxe5 Kc7 56. Nf5 Ng6+ 57. Kf6 Nf4 (57... Nf8) 58. e5 Nd3 (58...
Nd3 59. e6 Nf4 60. e7 Nd5+ 61. Ke6 Nxe7 $10) 1/2-1/2

[Event "EU-ch 12th"]
[Site "Aix les Bains"]
[Date "2011.03.31"]
[Round "9"]
[White "Raznikov, Danny"]
[Black "Shengelia, Davit"]
[Result "0-1"]
[WhiteElo "2384"]
[BlackElo "2573"]
[Annotator "Marchand,A/Primel,D"]
[PlyCount "96"]
[EventDate "2011.03.22"]
[EventType "swiss"]
[EventRounds "11"]
[EventCountry "FRA"]
[SourceTitle "CBM 142 Extra"]
[Source "ChessBase"]
[SourceDate "2011.06.27"]
[SourceVersion "1"]
[SourceVersionDate "2011.06.27"]
[SourceQuality "1"]
[TimeControl "40/5400+30:1800+30"]

1. d4 Nf6 2. c4 e6 3. Nf3 d5 4. g3 dxc4 5. Bg2 (5. Qa4+ Nbd7 (5... Bd7 6. Qxc4
Bc6 7. Bg2 Be7 8. Nc3 a6 (8... O-O) 9. O-O O-O (9... b5 10. Qb3 Nbd7 11. Bf4
O-O 12. Rac1)) 6. Qxc4 (6. Bg2 a6 7. Qxc4 b5 8. Qc6 Rb8 9. Bf4 Nd5 10. Bg5 Be7
11. Bxe7 Qxe7 12. Nc3) 6... c5 (6... a6 $142) 7. Bg2 b6 8. Ne5 Nxe5 9. dxe5 Nd5
10. Nc3 Nxc3 11. bxc3 Rb8 12. Qa4+ b5 13. Qxa7 Qb6 14. Qxb6 Rxb6 15. O-O $36 {
Ftacnik,L (2608)-Mitkov,M (2402) Lisbon Summer op 2000 (9) 1-0}) 5... Nc6 6.
Qa4 Bd7 $5 {[%cal Gd7a4,Gc6d4] Une ligne secondaire solide} (6... Bb4+) (6...
Nd7) 7. Qxc4 Na5 {[%cal Gc7c5] L'idée de la variante avec le N qui gagne un
tempo pour jouer le coup libérateur c5} 8. Qd3 (8. Qc2 Rc8 9. O-O c5 $132) (8.
Qc3 $143 c5 9. Bd2 (9. dxc5 Rc8) 9... Nc6 {Ippolito,D (2280)-Olafsson,H (2500)
New York op 1997 (2) 1/2} (9... b6 $146 10. dxc5 (10. O-O Rc8 {[%csl Rc3]})
10... Bxc5 $5 11. b4 Bxf2+ 12. Kf1 (12. Kxf2 Ne4+) 12... Rc8 13. Qd3 Nc4 14.
Kxf2 O-O 15. Nc3 b5 16. Rac1 (16. Rhd1 Qb6+ 17. Qd4 Nxd2 18. Qxb6 axb6 19. Rxd2
Rxc3) 16... Qb6+)) 8... c5 {Le coup libérateur} 9. O-O (9. Nc3 Rc8 $132) 9...
Rc8 10. Nc3 (10. dxc5 Bxc5 11. Nc3 O-O 12. Ne5 Bc6 13. Qxd8 Rfxd8 $11 {Holst,A
(2350)-Taimanov,M (2455) Rilton Cup 28th 1998 (6) 1/2}) 10... cxd4 $132 11.
Nxd4 Bc5 (11... Qb6 $5) 12. Rb1 $6 $146 {[%cal Gb2b4]} (12. Nb3 Nxb3 13. axb3
Bc6 $11 {Gustafsson,J (2616)-Groszpeter,A (2524) AUT-chT 0405 2004 (8) 1/2}) (
12. Rd1 $142 $1 O-O 13. Bg5 h6 14. Bxf6 Qxf6 15. Ne4 Qxd4 16. Qxd4 Bxd4 17.
Rxd4 $32 {Ilincic,Z (2450)-Antal,T (2352) Kecskemet Caissa IM 02 2012 (1) 0-1})
12... Bc6 $1 13. Rd1 Bxg2 (13... O-O 14. Nxc6 Nxc6 15. Qc4 Qa5 $132) 14. Qb5+
$1 {56} Nd7 {57} 15. Kxg2 a6 16. Qd3 Nf6 17. Bg5 O-O 18. Nf3 (18. b4 Qxd4)
18... Qxd3 19. Rxd3 Bb4 {[%csl Rb1]} 20. Bxf6 {20 Les Blancs étaient en grand
retard а la pendule mais la position ne pose pas trop de problème pour passer
le contrôle de temps} gxf6 21. Kf1 (21. Ne4 $142) 21... Bxc3 $11 22. bxc3 Rc7 {
[%cal Gc7b7,Ga5c4,Gf8c8]} 23. Nd2 Rfc8 $15 24. c4 Rb8 25. Ra3 Rd8 26. Rxa5 Rxd2
27. Rc1 Rb2 28. Ke1 Kf8 29. c5 Ke7 30. f3 f5 31. Ra3 Rd7 32. c6 bxc6 (32...
Rdd2 $1 33. c7 Rxe2+ 34. Kf1 Rxh2) 33. Rd1 Ra7 34. Rd4 (34. Rc1 Kd6 35. Rd3+
Ke5 36. Rc5+ (36. Rd2)) (34. Rd2 Rb1+ 35. Kf2) 34... c5 35. Rh4 (35. Rd2) 35...
Rd7 36. Rc4 Rdd2 37. Re3 Kd6 38. Ra4 Rxa2 39. Rxa6+ Rxa6 40. Kxd2 Ra2+ 41. Kc1
c4 42. Kb1 Ra4 43. g4 f4 44. Re4 e5 45. e3 fxe3 46. Rxe3 Kd5 47. Kb2 Rb4+ 48.
Kc2 Rb3 0-1

[Event "Paris NAO GM 4th"]
[Site "Paris"]
[Date "2004.12.20"]
[Round "6"]
[White "Inkiov, Ventzislav"]
[Black "Maze, Sebastien"]
[Result "1-0"]
[WhiteElo "2496"]
[BlackElo "2464"]
[Annotator "Mueller,Karsten"]
[PlyCount "101"]
[EventDate "2004.12.15"]
[EventType "tourn"]
[EventRounds "9"]
[EventCountry "FRA"]
[EventCategory "10"]
[SourceTitle "CBM 105"]
[Source "ChessBase"]
[SourceDate "2005.04.11"]
[SourceVersion "1"]
[SourceVersionDate "2005.04.11"]
[SourceQuality "1"]

1. d4 Nf6 2. c4 e6 3. Nf3 d5 4. g3 dxc4 5. Qa4+ Nbd7 6. Bg2 a6 7. Nc3 Rb8 8.
Qxc4 b5 9. Qd3 Bb7 10. O-O c5 11. dxc5 Nxc5 12. Qxd8+ Rxd8 13. Be3 Ng4 14. Bxc5
Bxc5 15. Rac1 Rc8 16. Ng5 Bxg2 17. Kxg2 Ke7 18. Nce4 Bd4 19. Nd6 Kxd6 20. Nxf7+
Ke7 21. Nxh8 Rxh8 22. Rc6 Ra8 23. Rd1 Be5 24. Rd2 Ra7 25. h3 Nf6 26. f4 Bc7 27.
Kf3 Nd5 28. f5 Nf6 29. Rxe6+ Kf7 30. g4 g5 31. e3 a5 32. Rd1 Rb7 33. e4 Bf4 34.
e5 Nd7 35. Rd5 a4 36. h4 Nxe5+ 37. Rexe5 Bxe5 38. Rxe5 gxh4 39. g5 a3 40. bxa3
Ra7 41. Rxb5 Rxa3+ 42. Kg4 Rxa2 43. Rb7+ Kg8 44. f6 Rg2+ 45. Kxh4 Rh2+ 46. Kg3
Rh1 47. Kf4 Rf1+ 48. Ke5 Re1+ 49. Kf5 Re2 $2 {Ein fataler Fehler.} (49... Rf1+
50. Ke6 Re1+ 51. Kd6 Rd1+ 52. Ke7 Re1+ 53. Kd8 Ra1 54. Ke8 Ra8+ 55. Ke7 Rf8 56.
Ke6 Ra8 57. Rg7+ Kh8 58. Rd7 Kg8 59. Ke7 Rf8 60. Rd8 Rxd8 61. Kxd8 Kf7 62. Kd7
h6 $11) 50. Rg7+ $1 {Dieses Zwischenschach war Schwarz vermutlich entgangen.}
Kh8 51. Re7 (51. Re7 Rf2+ 52. Ke6 Re2+ 53. Kf7 $18) 1-0